000 00563nam a2200133Ia 4500
008 170516s9999 xx 000 0 und d
245 _aThis study shows the feasibility of using 3D printing in cardiovascular disease, with results showing accuracy of replicating anatomic structures as well as pathologies involving the aorta.
260 _bJournal of Medical Radiation Sciences
260 _c2017
300 _a64:1
650 _xRadiologic Technology
650 _xRadtech
856 _uhttp://onlinelibrary.wiley.com/doi/10.1002/jmrs.2017.64.issue-1/issuetoc
999 _c332926
_d332926